Les joueurs les plus utilisés par le Real Madrid - Statistiques

Statistiques générales
  • Ce quiz a été pris 133 fois
  • Le résultat moyen est 6 sur 10
Statistiques - réponses
Joueurs % Correct
5. Kroos
85%
6. Modric
82%
2. Rodrygo
80%
4. Rudiger
77%
1. Valverde
72%
10. Bellingham
70%
7. Camavinga
66%
9. Nacho
44%
3. Joselu
40%
8. Brahim Diaz
30%
Aucun quiz correspondant
Distribution des résultats
% des personnes avec chaque résultat
Percentile par nombre de réponses
Votre historique - résultats
Vous n’avez pas pris ce quiz